Genética Elemental

Bibliographic Details
Main Author: Joyanes Aguilar, Luis
Format: Section = Libro
Language:Undetermined
Spanish
Published: España México 2002
Subjects:
LEADER 00541nam a2200205Ia 4500
008 240830s9999 xx 000 0 und d
020 |a 84-481-3622-5 
040 |a B-ESTELÍ- RUACS / 575.1 B181 
041 |a spa 
082 |a 575.1 B181 
100 1 |a Joyanes Aguilar, Luis 
245 1 0 |a Genética Elemental 
260 |a España  |b México  |c 2002 
300 |a 390 p. :il 
650 7 |a LENGUAJES DE PROGRAMACION 
650 7 |b  ALGORITMOS 
650 7 |c  PROGRMAS Y PROGRAMACION DE COMPUTADORAS 
942 |c BK  |2 ddc 
991 |a TEXTO 
999 |c 11093